| 000 -LEADER |
| fixed length control field |
00788nam a22001577a 4500 |
| 003 - CONTROL NUMBER IDENTIFIER |
| control field |
OSt |
| 005 - DATE AND TIME OF LATEST TRANSACTION |
| control field |
20151103103539.0 |
| 008 - FIXED-LENGTH DATA ELEMENTS--GENERAL INFORMATION |
| fixed length control field |
151103b xxu||||| |||| 00| 0 eng d |
| 040 ## - CATALOGING SOURCE |
| Transcribing agency |
RUA |
| 082 ## - DEWEY DECIMAL CLASSIFICATION NUMBER |
| Classification number |
FOR អ៊ុក 1996 B121 Or.1 |
| 100 ## - MAIN ENTRY--PERSONAL NAME |
| 9 (RLIN) |
3249 |
| Personal name |
អ៊ុក សារឿន |
| 245 ## - TITLE STATEMENT |
| Title |
understanding management practice in forestry office, svay rieng department of agriculture (ស្វែងយល់ពីការគ្រប់គ្រង រៀបចំចាត់ចែងអនុវត្តនៅក្នុងការិយាល័យរុក្ខា ប្រមាញ់នៃមន្ទិរកសិកម្មខេត្តស្វាយាំរៀាំង) |
| 260 ## - PUBLICATION, DISTRIBUTION, ETC. (IMPRINT) |
| Place of publication, distribution, etc. |
Phnom Penh |
| Name of publisher, distributor, etc. |
RUA |
| Date of publication, distribution, etc. |
1996 |
| 300 ## - PHYSICAL DESCRIPTION |
| Extent |
65p. |
| Other physical details |
ill. |
| Dimensions |
29cm. |
| 942 ## - ADDED ENTRY ELEMENTS (KOHA) |
| Source of classification or shelving scheme |
|
| Koha item type |
FOR |